000 00480cam a2200181ua 4500
020 _c395.00
041 _aeng
_h
082 _a550.006
_bCHA/FU
100 _aChakraborthy, Debashis .
245 _aFundamentals of geographic information system /
_cDebashis Chakraborty.
_hTextual Documents
260 _aNew Delhi :
_bViva Books ,
_c2007.
300 _a ; .
365 _a395.00
504 _a
700 1 _aSahoo, Rabi N .
942 _cBK
999 _c13430
_d13430